Asamiya upanyasar bhumika (Record no. 3124)

MARC details
000 -LEADER
fixed length control field 00495cam a2200193ua 4500
001 - CONTROL NUMBER
control field 3281
005 - DATE AND TIME OF LATEST TRANSACTION
control field 20260515113646.0
008 - FIXED-LENGTH DATA ELEMENTS--GENERAL INFORMATION
fixed length control field 111014n ii |||gr||||Z||||||asm
040 ## - CATALOGING SOURCE
Transcribing agency MAIN
082 ## - DEWEY DECIMAL CLASSIFICATION NUMBER
Classification number 891.4513
100 1# - MAIN ENTRY--PERSONAL NAME
Personal name Sarma, Satyendra Nath,
245 11 - TITLE STATEMENT
Title Asamiya upanyasar bhumika
Statement of responsibility, etc. by Satyendra Nath Sarma
250 ## - EDITION STATEMENT
Edition statement 1st.
260 ## - PUBLICATION, DISTRIBUTION, ETC.
Place of publication, distribution, etc. Guahati:
Name of publisher, distributor, etc. Saumar Prakashan,
Date of publication, distribution, etc. 2004.
300 ## - PHYSICAL DESCRIPTION
Extent 124p:
Dimensions 23cm.
653 ## - INDEX TERM--UNCONTROLLED
Uncontrolled term Assamese novel
653 ## - INDEX TERM--UNCONTROLLED
Uncontrolled term Asamiya upanyasar bhumika
942 ## - ADDED ENTRY ELEMENTS (KOHA)
Koha item type Books
Holdings
Withdrawn status Lost status Damaged status Not for loan Home library Current library Shelving location Date acquired Total checkouts Full call number Barcode Date last seen Date last checked out Copy number Price effective from Koha item type
        Naharkatiya College Library Naharkatiya College Library General stacks 09/19/2020 1 891.4513 | SAR 18055 07/04/2022 06/14/2022 1 09/19/2020 Books